00829cam a22002417a 4500001001000000003000500010005001700015008004100032010001000073011001000083020001500093035001000108040000900118100002900127245012700156260016500283300001000448410001900458490003700477650001700514810001900531830003700550000091036CHAP20230531062625.0030807d2002 mx r 00110 spa d a87505 a88477 a9688848905 a99022 cCHAP00aCorrales García, Joel.10aCaracterización, poscosecha, aprovechamiento e industrialización de pitayas y pitahayas /cpor Joel Corrales García. aChapingo, Méx. :bUACH. Centro de Investigaciones Económicas, Sociales y Tecnológicas de la Agroindustria y la Agricultura Mundial. Programa Nopal,c2002. a38 p.00aUACH. CIESTAAM1 aReporte de investigaciónv; 6514aStenocereus.00aUACh. CIESTAAM0 aReporte de investigaciónv; 65